Logo BPK

Biblioteka

Politechniki Koszalińskiej

Eksperimental'nye osnovy mechaniki deformiruemych tverdych tel. C.2,Konečnye deformacii / (Rekord nr 23014)

Szczegóły MARC
000 -ETYKIETA REKORDU
podpole kontrolne o stałej długości 00387nam a2200145 i 4500
001 - NUMER KONTROLNY REKORDU
pole kontrolne bg
040 ## - ŹRÓDŁO KATALOGOWANIA
Instytucja, która utworzyła rekord BPK
041 ## - KOD JĘZYKA
Kod języka tekstu pol
080 ## - UNIWERSALNA KLASYFIKACJA DZIESIĘTNA - UKD
UKD 539.3
008 - POLE O STAŁEJ DŁUGOŚCI - DANE KONTROLNE
podpole kontrolne o stałej długości s pl f |000 0 pol
100 1# - NAZWA OSOBOWA
Nazwa osobowa BELL, James F.
245 #0 - TYTUŁ/ODPOWIEDZIALNOŚĆ
Tytuł Eksperimental'nye osnovy mechaniki deformiruemych tverdych tel. C.2,Konečnye deformacii /
Pozostałe elementy strefy tytułu i oznaczenia odpowiedzialności Dż.F. Bell.
260 ## - STREFA ADRESU WYDAWNICZEGO
Miejsce wydania Moskva,
Data publikacji, dystrybucji/powstania dokumentu 1984.
942 ## - DODATKOWE ELEMENTY (KOHA)
Typ dokumentu Książka
Egzemplarze
Wycofany Status egzemplarza Uszkodzony Dostępność Lokalizacja stała Lokalizacja bieżąca Miejsce przechowywania Sygnatura Kod kreskowy Typ dokumentu
      Dostępny Biblioteka Politechniki Koszalińskiej Biblioteka Politechniki Koszalińskiej Wypożyczalnia BG 32470 01962437 Książka
© 2023 Biblioteka Politechniki Koszalińskiej :: KOHA